Current issues in accounting (Record no. 28020)

MARC details
000 -LEADER
fixed length control field 00327nam a2200133Ia 4500
082 ## - DEWEY DECIMAL CLASSIFICATION NUMBER
Classification number 657
Item number CAR
245 #0 - TITLE STATEMENT
Title Current issues in accounting
260 ## - PUBLICATION, DISTRIBUTION, ETC. (IMPRINT)
Place of publication Oxford
Name of publisher Philip Allan
Year of publication 1977
650 ## - SUBJECT ADDED ENTRY--TOPICAL TERM
Topical Term Accounting
700 ## - ADDED ENTRY--PERSONAL NAME
Personal name Carsberg, Bryan
700 ## - ADDED ENTRY--PERSONAL NAME
Personal name Hope, Tony
942 ## - ADDED ENTRY ELEMENTS (KOHA)
Koha item type Books
Holdings
Withdrawn status Lost status Damaged status Not for loan Home library Current library Date acquired Cost, normal purchase price Full call number Accession Number Koha item type
        RRII Library RRII Library 16/12/2021 9.00 657 CAR 08635 Books